| 000 | 00531nam a2200205 a 4500 | ||
|---|---|---|---|
| 005 | 20140310183525.0 | ||
| 008 | 111003s19uu xx 00 eng d | ||
| 020 | _a9780071267885 | ||
| 050 |
_aHJ 141 _b.R813 2010 |
||
| 100 | _aRosen, Harvey | ||
| 245 |
_aPublic finance / _cHarvey Rosen and Ted Gayen. |
||
| 250 | _a9th ed. | ||
| 260 |
_aBoston : _bMcGraw Hill, _c2010. |
||
| 300 |
_a3598 p. : _bill. ; _c27 cm. |
||
| 521 | _aBSBA | ||
| 650 | _aFinance | ||
| 700 | _aGayer, Ted | ||
| 942 |
_cBK _2lcc _kFOR |
||
| 999 |
_c24493 _d24493 |
||